Pays de la Coupe du Monde 2026 - Statistiques

Statistiques générales
  • Ce quiz a été pris 137 fois
    21 depuis la dernière actualisation
  • Le résultat moyen est 37 sur 48
Statistiques - réponses
Groupe Equipe % Correct
Groupe B Pays de Galles / Bosnie-Herzégovine / Italie / Irlande du Nord
94%
Groupe J Argentine
89%
Groupe G Belgique
89%
Groupe B Canada
89%
Groupe C Maroc
89%
Groupe A Mexique
89%
Groupe A Rep. Tchèque / Irlande / Danemark / Macédoine du Nord
89%
Groupe J Algérie
83%
Groupe E Allemagne
83%
Groupe L Angleterre
83%
Groupe C Brésil
83%
Groupe K Colombie
83%
Groupe L Croatie
83%
Groupe G Égypte
83%
Groupe H Espagne
83%
Groupe D États-Unis
83%
Groupe I France
83%
Groupe F Japon
83%
Groupe K Nouvelle-Calédonie / Jamaïque / RD Congo
83%
Groupe G Nouvelle-Zélande
83%
Groupe K Portugal
83%
Groupe I Sénégal
83%
Groupe D Slovaquie / Kosovo / Turquie / Roumanie
83%
Groupe F Ukraine / Suède / Pologne / Albanie
83%
Groupe D Australie
78%
Groupe A Corée du Sud
78%
Groupe F Pays-Bas
78%
Groupe B Suisse
78%
Groupe F Tunisie
78%
Groupe H Uruguay
78%
Groupe A Afrique du sud
72%
Groupe H Arabie saoudite
72%
Groupe J Autriche
72%
Groupe G Iran
72%
Groupe I Norvège
72%
Groupe D Paraguay
72%
Groupe I Bolivie / Suriname / Irak
67%
Groupe E Côte d'Ivoire
67%
Groupe C Écosse
67%
Groupe E Équateur
67%
Groupe L Panama
67%
Groupe B Qatar
67%
Groupe E Curaçao
61%
Groupe C Haïti
56%
Groupe H Cap-Vert
50%
Groupe K Ouzbékistan
50%
Groupe L Ghana
44%
Groupe J Jordanie
44%
Aucun quiz correspondant
Distribution des résultats
% des personnes avec chaque résultat
Percentile par nombre de réponses
Votre historique - résultats
Vous n’avez pas pris ce quiz depuis la dernière actualisation